000 00440nam a2200181Ia 4500
001 22579
005 20260414150840.0
008 260414t1996||||xx |||||||||||||| ||spa||
041 _aESP
082 _a621.382
_bT69 1996
100 _aTomasi, Wayne
_eAUT
245 0 _aSistemas de comunicaciones electrónicas
_b
260 _c1996
300 _a858 páginas :
_c27 cm.
650 _aTCA
654 _aCET
942 _cLIB
_dJUS
_fJUS
_2ddc
_n
999 _c22579
_d22579